=LDR 00000nam 2200000 4500 =001 INLIS000000000016209 =005 20130612111459 =008 ***********************************Ind** =035 ##$$0010-061300000016209 =041 ##$$a Ind =082 ##$$a 636.085 =090 ##$$a 636.085, Rek p =100 ##$$a Reksohadiprojo, Soedomo =245 ##$$a Pakan ternak gembala, Soedomo Reksohadiprojo =260 ##$$a 1988 $b Yogyakarta =300 ##$$a vi, 213 hlm., ilus, 21 cm =650 ##$$a Makanan ternak =850 ##$$a NBPNMAT